000 00679nam a2200289Ia 4500
005 20260324115842.0
008 008 260324s9999 xx 000 0 eng d
020 _a9781315370873
037 _aEBOOK
040 _aCRL
040 _beng
040 _cCRL
041 _2eng
041 _aeng
084 _qCRL
100 _aJennifer Spinti
_91156255
245 0 _aUtah Oil Shale
245 0 _bScience, Technology, and Policy Perspectives
260 _bTaylor and Francis
260 _c2016
365 _a
365 _b355
856 _uhttp://www.taylorfrancis.com/books/9781315370873
942 _cEBOOK
999 _c1747439
_d1747439